| 000 | 00474nam a22002057a 4500 | ||
|---|---|---|---|
| 001 | 21590 | ||
| 005 | 20260319111813.0 | ||
| 008 | 260319b |||||||| |||| 00| 0 spa d | ||
| 041 | _aESP | ||
| 082 |
_a720.284 _bCH554D |
||
| 100 |
_aChing, Francis D. K. _eAUT |
||
| 245 | _aDibujo y proyecto | ||
| 260 |
_a : _b , _c2018 |
||
| 300 |
_aviii, 407 páginas : _b ; _c30 cm. |
||
| 440 | _a ; | ||
| 650 | _aADE | ||
| 654 | _aCAU | ||
| 700 | _a; | ||
| 942 |
_cLIB _dJUS _fJUS _2ddc |
||
| 999 |
_c21590 _d21590 |
||